[Event "Portugal Open 2018"]
[Site "Lisboa POR"]
[Date "2018.02.08"]
[Round "7.8"]
[White "Sevian, Samuel"]
[Black "Campora, Daniel H"]
[Result "1-0"]
[BlackElo "2426"]
[WhiteElo "2617"]
[LiveChessVersion "1.4.8"]

1. e4 {[%clk 1:29:13]} e5 {[%clk 1:30:44]} 2. Nf3 {[%clk 1:29:32]} Nc6
{[%clk 1:31:06]} 3. d4 {[%clk 1:29:51]} exd4 {[%clk 1:27:57]} 4. Nxd4
{[%clk 1:30:15]} d6 {[%clk 1:27:52]} 5. Nc3 {[%clk 1:30:05]} Nf6 {[%clk 1:28:08]}
6. Be2 {[%clk 1:29:45]} Be7 {[%clk 1:27:49]} 7. O-O {[%clk 1:27:54]} O-O
{[%clk 1:28:10]} 8. Be3 {[%clk 1:28:03]} Re8 {[%clk 1:25:41]} 9. f4
{[%clk 1:25:32]} Bd7 {[%clk 1:22:02]} 10. Bf3 {[%clk 1:23:08]} Nxd4
{[%clk 1:13:28]} 11. Bxd4 {[%clk 1:19:03]} Bc6 {[%clk 1:12:58]} 12. g4
{[%clk 1:03:42]} h6 {[%clk 1:05:40]} 13. g5 {[%clk 0:57:03]} hxg5
{[%clk 1:05:19]} 14. fxg5 {[%clk 0:57:30]} Nd7 {[%clk 1:02:09]} 15. h4
{[%clk 0:38:06]} Ne5 {[%clk 1:01:49]} 16. Bg2 {[%clk 0:38:32]} Bf8
{[%clk 0:55:18]} 17. Qd2 {[%clk 0:36:49]} g6 {[%clk 0:55:37]} 18. Rf4
{[%clk 0:33:51]} Bg7 {[%clk 0:53:22]} 19. Raf1 {[%clk 0:34:13]} Rf8
{[%clk 0:48:11]} 20. Bh3 {[%clk 0:33:23]} Qe7 {[%clk 0:40:01]} 21. Rf6
{[%clk 0:32:32]} Rae8 {[%clk 0:37:31]} 22. h5 {[%clk 0:30:15]} gxh5
{[%clk 0:22:30]} 23. Bf5 {[%clk 0:27:05]} Bd7 {[%clk 0:16:08]} 24. Nd5
{[%clk 0:10:56]} Qd8 {[%clk 0:16:26]} 25. Bxd7 {[%clk 0:04:55]} Nxd7
{[%clk 0:14:26]} 26. R6f5 {[%clk 0:03:21]} Bxd4+ {[%clk 0:08:55]} 27. Qxd4
{[%clk 0:03:50]} Re5 {[%clk 0:09:17]} 28. Kh1 {[%clk 0:03:18]} Rxd5
{[%clk 0:02:59]} 29. Qxd5 {[%clk 0:02:17]} Ne5 {[%clk 0:03:14]} 30. Qxb7
{[%clk 0:02:45]} Qb8 {[%clk 0:03:20]} 31. Qxb8 {[%clk 0:02:19]} Rxb8
{[%clk 0:03:46]} 32. b3 {[%clk 0:02:47]} Rb4 {[%clk 0:03:51]} 33. c4
{[%clk 0:02:06]} a5 {[%clk 0:04:17]} 34. Re1 {[%clk 0:02:24]} a4 {[%clk 0:04:32]}
35. Re3 {[%clk 0:02:48]} axb3 {[%clk 0:04:54]} 36. axb3 {[%clk 0:03:13]} Kg7
{[%clk 0:05:07]} 37. Kg2 {[%clk 0:03:27]} Kg6 {[%clk 0:04:58]} 38. Kg3
{[%clk 0:03:23]} Rb7 {[%clk 0:05:16]} 39. Kh4 {[%clk 0:01:58]} Ng4
{[%clk 0:05:34]} 40. Ref3 {[%clk 0:02:19]} Ne5 {[%clk 0:05:27]} 41. Rf6+
{[%clk 0:02:32]} Kg7 {[%clk 0:05:52]} 42. Rc3 {[%clk 0:02:14]} Ra7
{[%clk 0:06:16]} 43. Kxh5 {[%clk 0:01:49]} Ra1 {[%clk 0:06:37]} 44. Kh4
{[%clk 0:01:25]} Re1 {[%clk 0:07:02]} 45. Kg3 {[%clk 0:01:27]} Rxe4
{[%clk 0:07:26]} 46. Rf4 {[%clk 0:01:45]} Re1 {[%clk 0:07:50]} 47. Kf2
{[%clk 0:01:47]} Rb1 {[%clk 0:07:46]} 48. Rg3 {[%clk 0:01:11]} Rb2+
{[%clk 0:07:34]} 49. Kg1 {[%clk 0:01:34]} Nd7 {[%clk 0:07:24]} 50. Rf2
{[%clk 0:01:33]} Rb1+ {[%clk 0:07:34]} 51. Kg2 {[%clk 0:01:53]} Kg6
{[%clk 0:07:30]} 52. Re2 {[%clk 0:01:13]} Nc5 {[%clk 0:07:40]} 53. Re7
{[%clk 0:00:35]} Ne6 {[%clk 0:07:57]} 54. Re8 {[%clk 0:00:56]} Kf5
{[%clk 0:06:55]} 55. Re7 {[%clk 0:00:54]} Rb2+ {[%clk 0:06:54]} 56. Kf1
{[%clk 0:01:11]} Kf4 {[%clk 0:04:28]} 57. Rd3 {[%clk 0:01:19]} Nxg5
{[%clk 0:04:41]} 58. Rxc7 {[%clk 0:01:26]} f5 {[%clk 0:05:07]} 59. c5
{[%clk 0:00:54]} dxc5 {[%clk 0:04:59]} 60. Rxc5 {[%clk 0:01:17]} Ne4
{[%clk 0:04:14]} 61. Rc4 {[%clk 0:01:43]} Ke5 {[%clk 0:04:20]} 62. Re3
{[%clk 0:02:00]} Kd5 {[%clk 0:04:35]} 63. Rd3+ {[%clk 0:01:53]} Ke5
{[%clk 0:05:01]} 64. Rb4 {[%clk 0:00:51]} f4 {[%clk 0:04:30]} 65. Rb5+
{[%clk 0:01:10]} Kf6 {[%clk 0:04:28]} 66. Ke1 {[%clk 0:01:14]} Ke6
{[%clk 0:03:56]} 67. Rf3 {[%clk 0:00:50]} Kd6 {[%clk 0:03:30]} 68. Kd1
{[%clk 0:00:43]} Nc5 {[%clk 0:02:42]} 69. Rc3 {[%clk 0:00:35]} Ne6
{[%clk 0:00:56]} 70. Rd3+ {[%clk 0:01:01]} Ke7 {[%clk 0:01:16]} 71. Rf5
{[%clk 0:01:23]} Rf2 {[%clk 0:01:08]} 72. Ke1 {[%clk 0:00:57]} Rb2
{[%clk 0:01:28]} 73. Kd1 {[%clk 0:01:22]} Rf2 {[%clk 0:01:54]} 74. Re5
{[%clk 0:01:20]} Ra2 {[%clk 0:01:36]} 75. Re4 {[%clk 0:01:08]} Ra6
{[%clk 0:01:30]} 76. Ke2 {[%clk 0:00:54]} Kf6 {[%clk 0:01:52]} 77. Rd5
{[%clk 0:01:12]} Ra2+ {[%clk 0:01:46]} 78. Rd2 {[%clk 0:01:27]} Ra6
{[%clk 0:01:05]} 79. Rd5 {[%clk 0:01:40]} Ra2+ {[%clk 0:01:31]} 80. Kd3
{[%clk 0:01:55]} Ra6 {[%clk 0:01:04]} 81. Ree5 {[%clk 0:01:43]} Ra1
{[%clk 0:01:07]} 82. Rf5+ {[%clk 0:02:04]} Ke7 {[%clk 0:01:34]} 83. b4
{[%clk 0:02:08]} Rd1+ {[%clk 0:01:11]} 84. Kc4 {[%clk 0:02:22]} Rc1+
{[%clk 0:01:35]} 85. Kb3 {[%clk 0:02:45]} Rb1+ {[%clk 0:02:00]} 86. Kc3
{[%clk 0:03:12]} Rc1+ {[%clk 0:02:17]} 87. Kb2 {[%clk 0:03:34]} Rc4
{[%clk 0:01:18]} 88. Kb3 {[%clk 0:04:02]} Re4 {[%clk 0:01:18]} 89. Kc3
{[%clk 0:02:42]} Re3+ {[%clk 0:01:12]} 90. Rd3 {[%clk 0:03:05]} Re1
{[%clk 0:01:15]} 91. b5 {[%clk 0:02:54]} Rb1 {[%clk 0:01:38]} 92. Kc4
{[%clk 0:02:58]} Nc7 {[%clk 0:01:34]} 93. Rb3 {[%clk 0:01:53]} Rc1+
{[%clk 0:01:37]} 94. Kd3 {[%clk 0:01:55]} Ne6 {[%clk 0:01:34]} 95. b6
{[%clk 0:01:57]} Rd1+ {[%clk 0:01:38]} 96. Kc3 {[%clk 0:01:46]} Rd8
{[%clk 0:01:04]} 97. Rb4 {[%clk 0:01:02]} Rc8+ {[%clk 0:01:10]} 98. Kd3
{[%clk 0:01:16]} Kd6 {[%clk 0:01:29]} 99. b7 {[%clk 0:01:29]} Kd5
{[%clk 0:01:09]} 100. Ke4+ {[%clk 0:01:59]} 1-0

[Event "Portugal Open 2018"]
[Site "Lisboa POR"]
[Date "2018.02.08"]
[Round "7.9"]
[White "Perez Ponsa, Federico"]
[Black "Sousa, Andre Ventura"]
[Result "1/2-1/2"]
[BlackElo "2405"]
[WhiteElo "2553"]
[LiveChessVersion "1.4.8"]

1. e4 {[%clk 1:28:05]} e5 {[%clk 1:30:55]} 2. Nf3 {[%clk 1:28:30]} Nc6
{[%clk 1:31:21]} 3. Bc4 {[%clk 1:28:55]} Bc5 {[%clk 1:31:47]} 4. c3
{[%clk 1:29:19]} Nf6 {[%clk 1:32:12]} 5. d3 {[%clk 1:29:42]} O-O {[%clk 1:32:34]}
6. Nbd2 {[%clk 1:30:05]} d5 {[%clk 1:31:55]} 7. exd5 {[%clk 1:30:23]} Nxd5
{[%clk 1:32:22]} 8. Ne4 {[%clk 1:30:45]} Be7 {[%clk 1:23:25]} 9. O-O
{[%clk 1:30:57]} Nb6 {[%clk 1:23:51]} 10. Bb3 {[%clk 1:30:53]} Bf5
{[%clk 1:22:17]} 11. a4 {[%clk 1:26:33]} a5 {[%clk 1:21:18]} 12. Be3
{[%clk 1:23:47]} Nd5 {[%clk 1:15:26]} 13. Bc4 {[%clk 1:14:27]} Nxe3
{[%clk 1:15:50]} 14. fxe3 {[%clk 1:14:50]} Bxe4 {[%clk 1:16:18]} 15. dxe4
{[%clk 1:15:12]} Bc5 {[%clk 1:16:45]} 16. Qe2 {[%clk 1:15:21]} Qe7
{[%clk 1:17:07]} 17. h4 {[%clk 1:11:30]} Kh8 {[%clk 1:17:19]} 18. Rf2
{[%clk 1:07:38]} f5 {[%clk 0:56:56]} 19. exf5 {[%clk 1:03:30]} Rxf5
{[%clk 0:54:59]} 20. Raf1 {[%clk 0:52:54]} e4 {[%clk 0:48:01]} 21. Ng5
{[%clk 0:45:55]} Rxg5 {[%clk 0:48:05]} 22. hxg5 {[%clk 0:38:09]} Qxg5
{[%clk 0:31:32]} 23. Rf4 {[%clk 0:37:59]} Re8 {[%clk 0:24:58]} 24. Bf7
{[%clk 0:25:24]} Re7 {[%clk 0:23:43]} 25. Bd5 {[%clk 0:22:36]} g6
{[%clk 0:23:03]} 26. Bxc6 {[%clk 0:16:31]} bxc6 {[%clk 0:23:25]} 27. b4
{[%clk 0:15:51]} Ba7 {[%clk 0:21:19]} 28. Qf2 {[%clk 0:14:34]} Rf7
{[%clk 0:20:58]} 29. Rxf7 {[%clk 0:07:38]} Bxe3 {[%clk 0:21:21]} 30. Re1
{[%clk 0:06:28]} Bxf2+ {[%clk 0:21:46]} 31. Rxf2 {[%clk 0:06:55]} Kg7
{[%clk 0:18:41]} 32. Rfe2 {[%clk 0:06:49]} Qe5 {[%clk 0:18:20]} 33. Rxe4
{[%clk 0:06:35]} Qxc3 {[%clk 0:17:30]} 34. bxa5 {[%clk 0:06:51]} 1/2-1/2

[Event "Portugal Open 2018"]
[Site "Lisboa POR"]
[Date "2018.02.08"]
[Round "7.10"]
[White "Sanal, Vahap"]
[Black "Klasan, Vladimir"]
[Result "1-0"]
[BlackElo "2381"]
[WhiteElo "2551"]
[LiveChessVersion "1.4.8"]

1. e4 {[%clk 1:28:50]} c5 {[%clk 1:30:51]} 2. Nf3 {[%clk 1:28:44]} Nc6
{[%clk 1:31:10]} 3. Bb5 {[%clk 1:28:42]} e5 {[%clk 1:31:05]} 4. O-O
{[%clk 1:28:07]} Bd6 {[%clk 1:30:33]} 5. c3 {[%clk 1:27:02]} Nge7
{[%clk 1:24:48]} 6. d4 {[%clk 1:24:06]} exd4 {[%clk 1:21:18]} 7. cxd4
{[%clk 1:23:51]} cxd4 {[%clk 1:21:12]} 8. Nxd4 {[%clk 1:23:09]} a6
{[%clk 1:19:28]} 9. Be2 {[%clk 1:08:47]} O-O {[%clk 1:17:49]} 10. Nc3
{[%clk 0:57:21]} Be5 {[%clk 1:16:21]} 11. Nf3 {[%clk 0:56:47]} Bxc3
{[%clk 1:16:09]} 12. bxc3 {[%clk 0:55:47]} d5 {[%clk 1:15:54]} 13. exd5
{[%clk 0:49:26]} Nxd5 {[%clk 1:15:57]} 14. Qd2 {[%clk 0:44:32]} h6
{[%clk 1:02:03]} 15. c4 {[%clk 0:32:43]} Nf6 {[%clk 0:53:44]} 16. Qb2
{[%clk 0:27:43]} Qe7 {[%clk 0:48:36]} 17. Re1 {[%clk 0:27:23]} Be6
{[%clk 0:39:54]} 18. Rb1 {[%clk 0:24:34]} Rfc8 {[%clk 0:39:09]} 19. Bf4
{[%clk 0:16:38]} Bf5 {[%clk 0:33:09]} 20. Rbd1 {[%clk 0:15:41]} Qb4
{[%clk 0:28:29]} 21. Qa1 {[%clk 0:15:44]} Nd7 {[%clk 0:21:22]} 22. Bd6
{[%clk 0:11:59]} Qa4 {[%clk 0:20:46]} 23. Qb2 {[%clk 0:08:03]} Na5
{[%clk 0:18:13]} 24. c5 {[%clk 0:05:05]} Qc2 {[%clk 0:09:26]} 25. Qa3
{[%clk 0:04:38]} Nc4 {[%clk 0:08:16]} 26. Bxc4 {[%clk 0:05:00]} Qxc4
{[%clk 0:08:41]} 27. Rd4 {[%clk 0:03:19]} Qc2 {[%clk 0:08:37]} 28. Rd2
{[%clk 0:02:13]} Qc4 {[%clk 0:08:50]} 29. Rd4 {[%clk 0:02:42]} Qc2
{[%clk 0:09:12]} 30. Rd2 {[%clk 0:01:12]} Qc4 {[%clk 0:09:36]} 31. h3
{[%clk 0:00:46]} Re8 {[%clk 0:06:45]} 32. Rc1 {[%clk 0:01:08]} Qe4
{[%clk 0:07:07]} 33. Rd4 {[%clk 0:00:55]} Qc6 {[%clk 0:07:17]} 34. Rb4
{[%clk 0:00:38]} Be4 {[%clk 0:06:39]} 35. Nd4 {[%clk 0:01:07]} Qd5
{[%clk 0:07:01]} 36. f3 {[%clk 0:00:33]} Bg6 {[%clk 0:07:08]} 37. Qb3
{[%clk 0:00:50]} Qg5 {[%clk 0:06:25]} 38. Qb2 {[%clk 0:01:17]} Rac8
{[%clk 0:04:38]} 39. h4 {[%clk 0:01:36]} Qxh4 {[%clk 0:03:40]} 40. Ne6
{[%clk 0:01:54]} Qf6 {[%clk 0:03:19]} 41. Nc7 {[%clk 0:01:52]} Qg5
{[%clk 0:02:17]} 42. Nxe8 {[%clk 0:02:02]} Rxe8 {[%clk 0:02:16]} 43. Rxb7
{[%clk 0:01:30]} Bd3 {[%clk 0:01:57]} 44. c6 {[%clk 0:01:09]} Re2
{[%clk 0:01:45]} 45. Qxe2 {[%clk 0:01:34]} Qxc1+ {[%clk 0:00:42]} 46. Kh2
{[%clk 0:01:45]} Bxe2 {[%clk 0:00:34]} 47. cxd7 {[%clk 0:02:09]} 1-0

[Event "Portugal Open 2018"]
[Site "Lisboa POR"]
[Date "2018.02.08"]
[Round "7.11"]
[White "Haria, Ravi"]
[Black "Santos Latasa, Jaime"]
[Result "1/2-1/2"]
[BlackElo "2546"]
[WhiteElo "2376"]
[LiveChessVersion "1.4.8"]

1. Nf3 {[%clk 1:30:32]} e6 {[%clk 1:30:54]} 2. e4 {[%clk 1:29:23]} c5
{[%clk 1:31:17]} 3. c3 {[%clk 1:29:43]} Nf6 {[%clk 1:31:35]} 4. e5
{[%clk 1:29:46]} Nd5 {[%clk 1:32:00]} 5. d4 {[%clk 1:30:12]} cxd4
{[%clk 1:32:26]} 6. cxd4 {[%clk 1:30:37]} b6 {[%clk 1:32:51]} 7. Bc4
{[%clk 1:29:26]} Ba6 {[%clk 1:33:14]} 8. Bxd5 {[%clk 1:22:44]} exd5
{[%clk 1:33:30]} 9. a3 {[%clk 1:22:39]} Be7 {[%clk 1:23:24]} 10. Nc3
{[%clk 1:21:49]} O-O {[%clk 1:23:50]} 11. Ne2 {[%clk 1:17:25]} d6
{[%clk 1:22:47]} 12. O-O {[%clk 1:17:06]} Nd7 {[%clk 1:22:30]} 13. Re1
{[%clk 1:15:04]} dxe5 {[%clk 1:22:09]} 14. Nxe5 {[%clk 1:14:35]} Bb7
{[%clk 1:21:12]} 15. Ng3 {[%clk 1:04:36]} Nxe5 {[%clk 1:12:04]} 16. dxe5
{[%clk 1:04:17]} Qd7 {[%clk 1:12:26]} 17. Qd3 {[%clk 0:58:30]} g6
{[%clk 1:10:00]} 18. Bh6 {[%clk 0:54:06]} Rfe8 {[%clk 1:10:14]} 19. Rad1
{[%clk 0:52:38]} Rac8 {[%clk 1:09:27]} 20. f4 {[%clk 0:45:22]} Qg4
{[%clk 1:08:06]} 21. f5 {[%clk 0:39:51]} Bc5+ {[%clk 1:06:21]} 22. Kh1
{[%clk 0:39:34]} Bf2 {[%clk 1:04:16]} 23. Qe2 {[%clk 0:38:27]} Qxe2
{[%clk 1:04:33]} 24. Rxe2 {[%clk 0:38:50]} Bxg3 {[%clk 1:04:56]} 25. hxg3
{[%clk 0:39:15]} gxf5 {[%clk 1:05:17]} 26. Bg5 {[%clk 0:33:35]} Rc6
{[%clk 1:04:54]} 27. Red2 {[%clk 0:30:24]} Rxe5 {[%clk 1:03:26]} 28. Bf4
{[%clk 0:30:45]} Re7 {[%clk 1:02:51]} 29. Rxd5 {[%clk 0:29:54]} Rc2
{[%clk 1:02:38]} 30. R5d2 {[%clk 0:20:54]} Rxd2 {[%clk 1:00:49]} 31. Rxd2
{[%clk 0:21:15]} Re1+ {[%clk 1:00:54]} 32. Kh2 {[%clk 0:21:43]} Kg7
{[%clk 1:01:07]} 33. Rd6 {[%clk 0:20:40]} h5 {[%clk 1:00:35]} 34. Bd2
{[%clk 0:16:11]} Re2 {[%clk 0:58:34]} 35. Bc3+ {[%clk 0:16:38]} Kh7
{[%clk 0:58:58]} 36. Rd2 {[%clk 0:17:03]} Rxd2 {[%clk 0:52:12]} 37. Bxd2
{[%clk 0:17:30]} Kg6 {[%clk 0:52:31]} 38. Kg1 {[%clk 0:17:27]} Kf6
{[%clk 0:52:45]} 39. Kf2 {[%clk 0:17:16]} Ke5 {[%clk 0:53:07]} 40. Ke3
{[%clk 0:17:15]} Bxg2 {[%clk 0:53:09]} 41. Bc3+ {[%clk 0:17:39]} Ke6
{[%clk 0:53:33]} 42. Kf4 {[%clk 0:17:36]} Bf1 {[%clk 0:53:53]} 43. Ke3
{[%clk 0:17:36]} Bh3 {[%clk 0:54:10]} 44. Kf4 {[%clk 0:17:58]} Bg4
{[%clk 0:54:34]} 45. Bd4 {[%clk 0:17:49]} Kd5 {[%clk 0:54:50]} 46. Bc3
{[%clk 0:17:58]} Kc4 {[%clk 0:53:49]} 47. Bf6 {[%clk 0:18:06]} b5
{[%clk 0:54:05]} 48. Bg7 {[%clk 0:18:03]} a6 {[%clk 0:53:54]} 49. Bf6
{[%clk 0:18:22]} Kb3 {[%clk 0:53:34]} 50. Be5 {[%clk 0:18:33]} a5
{[%clk 0:53:34]} 51. Bf6 {[%clk 0:18:47]} a4 {[%clk 0:53:37]} 52. Be5
{[%clk 0:18:53]} b4 {[%clk 0:53:36]} 53. axb4 {[%clk 0:19:13]} Kxb4
{[%clk 0:54:00]} 54. Bc3+ {[%clk 0:19:35]} Kb3 {[%clk 0:54:15]} 55. Be5
{[%clk 0:19:58]} a3 {[%clk 0:54:39]} 56. bxa3 {[%clk 0:20:23]} Kxa3
{[%clk 0:55:05]} 1/2-1/2

[Event "Portugal Open 2018"]
[Site "Lisboa POR"]
[Date "2018.02.08"]
[Round "7.12"]
[White "Spraggett, Kevin Barry"]
[Black "Boricsev, Oleg"]
[Result "1/2-1/2"]
[BlackElo "2328"]
[WhiteElo "2535"]
[LiveChessVersion "1.4.8"]

1. c4 {[%clk 1:29:30]} e6 {[%clk 1:25:07]} 2. Nf3 {[%clk 1:29:36]} d5
{[%clk 1:25:21]} 3. d4 {[%clk 1:29:56]} Nf6 {[%clk 1:25:28]} 4. Nc3
{[%clk 1:29:46]} Be7 {[%clk 1:24:49]} 5. g3 {[%clk 1:29:37]} b6 {[%clk 1:14:28]}
6. Bg2 {[%clk 1:26:49]} O-O {[%clk 1:14:06]} 7. O-O {[%clk 1:26:38]} Bb7
{[%clk 1:13:24]} 8. cxd5 {[%clk 1:26:35]} Nxd5 {[%clk 1:12:24]} 9. Nxd5
{[%clk 1:24:54]} exd5 {[%clk 1:06:08]} 10. Qc2 {[%clk 1:24:15]} Nd7
{[%clk 1:04:51]} 11. Bf4 {[%clk 1:23:46]} Rc8 {[%clk 1:04:07]} 12. Rac1
{[%clk 1:18:57]} c6 {[%clk 1:02:09]} 13. Qa4 {[%clk 1:11:44]} a5 {[%clk 0:57:46]}
14. Rfd1 {[%clk 1:09:25]} Re8 {[%clk 0:57:24]} 15. Bh3 {[%clk 1:00:21]} Bf6
{[%clk 0:55:58]} 16. Re1 {[%clk 0:57:33]} Ra8 {[%clk 0:52:29]} 17. Qc2
{[%clk 0:44:40]} g6 {[%clk 0:47:14]} 18. Bg2 {[%clk 0:44:15]} Rc8
{[%clk 0:46:17]} 19. h4 {[%clk 0:42:23]} Qe7 {[%clk 0:33:21]} 20. Bg5
{[%clk 0:37:00]} Bxg5 {[%clk 0:27:41]} 21. Nxg5 {[%clk 0:36:08]} c5
{[%clk 0:26:28]} 22. Qd2 {[%clk 0:28:38]} Nf6 {[%clk 0:25:19]} 23. dxc5
{[%clk 0:28:24]} Rxc5 {[%clk 0:24:27]} 24. Rxc5 {[%clk 0:28:03]} bxc5
{[%clk 0:24:14]} 25. Qxa5 {[%clk 0:20:54]} Ra8 {[%clk 0:24:36]} 26. Qb5
{[%clk 0:20:15]} Rxa2 {[%clk 0:23:29]} 27. e3 {[%clk 0:19:55]} Kg7
{[%clk 0:17:54]} 28. Nh3 {[%clk 0:19:07]} Ba8 {[%clk 0:16:26]} 29. Qb3
{[%clk 0:19:14]} Qa7 {[%clk 0:16:20]} 30. Nf4 {[%clk 0:18:06]} Ra1
{[%clk 0:13:07]} 31. Rf1 {[%clk 0:15:47]} Rxf1+ {[%clk 0:12:40]} 32. Bxf1
{[%clk 0:16:15]} d4 {[%clk 0:12:42]} 33. exd4 {[%clk 0:16:26]} cxd4
{[%clk 0:12:47]} 34. Qb5 {[%clk 0:16:07]} Ng4 {[%clk 0:07:24]} 35. Qg5
{[%clk 0:15:05]} f5 {[%clk 0:03:53]} 36. Qd8 {[%clk 0:10:56]} d3 {[%clk 0:02:46]}
37. Ne6+ {[%clk 0:01:44]} Kf7 {[%clk 0:03:11]} 38. Ng5+ {[%clk 0:02:07]} Kg7
{[%clk 0:03:39]} 39. Ne6+ {[%clk 0:01:50]} 1/2-1/2

[Event "Portugal Open 2018"]
[Site "Lisboa POR"]
[Date "2018.02.08"]
[Round "7.13"]
[White "Froewis, Georg"]
[Black "Warakomski, Tomasz"]
[Result "0-1"]
[BlackElo "2517"]
[WhiteElo "2428"]
[LiveChessVersion "1.4.8"]

1. e4 {[%clk 1:30:57]} e5 {[%clk 1:27:40]} 2. Nf3 {[%clk 1:31:22]} Nc6
{[%clk 1:27:21]} 3. Bc4 {[%clk 1:31:47]} Bc5 {[%clk 1:27:11]} 4. c3
{[%clk 1:32:11]} Nf6 {[%clk 1:27:38]} 5. d4 {[%clk 1:32:35]} exd4
{[%clk 1:27:50]} 6. cxd4 {[%clk 1:32:59]} Bb4+ {[%clk 1:28:17]} 7. Bd2
{[%clk 1:33:23]} Bxd2+ {[%clk 1:28:41]} 8. Nbxd2 {[%clk 1:33:49]} d5
{[%clk 1:29:08]} 9. exd5 {[%clk 1:34:07]} Nxd5 {[%clk 1:29:33]} 10. Qb3
{[%clk 1:34:10]} Nce7 {[%clk 1:29:34]} 11. O-O {[%clk 1:34:17]} O-O
{[%clk 1:29:59]} 12. Rfe1 {[%clk 1:33:41]} c6 {[%clk 1:29:31]} 13. Ne4
{[%clk 1:31:18]} Qb6 {[%clk 1:20:41]} 14. Qa3 {[%clk 1:21:17]} a5
{[%clk 1:11:15]} 15. Nd6 {[%clk 1:04:19]} Nf5 {[%clk 0:54:02]} 16. Nxc8
{[%clk 0:35:12]} Raxc8 {[%clk 0:53:14]} 17. Qd3 {[%clk 0:35:35]} g6
{[%clk 0:52:36]} 18. Re5 {[%clk 0:31:23]} Qxb2 {[%clk 0:48:45]} 19. Rd1
{[%clk 0:21:26]} Rcd8 {[%clk 0:44:23]} 20. Rd2 {[%clk 0:05:40]} Qb4
{[%clk 0:42:23]} 21. g4 {[%clk 0:05:19]} Nf4 {[%clk 0:38:55]} 22. Qc2
{[%clk 0:02:27]} Nd6 {[%clk 0:37:03]} 23. Bf1 {[%clk 0:02:51]} Nd5
{[%clk 0:32:30]} 24. Rd3 {[%clk 0:03:00]} Nc4 {[%clk 0:29:27]} 25. a3
{[%clk 0:01:49]} Nxa3 {[%clk 0:27:02]} 26. Qc1 {[%clk 0:02:16]} Nb5
{[%clk 0:27:23]} 27. Qh6 {[%clk 0:02:28]} f6 {[%clk 0:27:44]} 28. Re6
{[%clk 0:01:52]} Rf7 {[%clk 0:25:23]} 29. Rd1 {[%clk 0:00:51]} Nbc7
{[%clk 0:20:54]} 30. Ree1 {[%clk 0:01:10]} Qd6 {[%clk 0:19:33]} 31. Bc4
{[%clk 0:01:38]} b5 {[%clk 0:19:53]} 32. Ba2 {[%clk 0:02:07]} a4 {[%clk 0:19:55]}
33. Nd2 {[%clk 0:01:12]} Qa3 {[%clk 0:18:44]} 34. Ra1 {[%clk 0:00:42]} Qc3
{[%clk 0:16:04]} 35. Ne4 {[%clk 0:00:32]} Qf3 {[%clk 0:11:07]} 36. h3
{[%clk 0:00:42]} Nf4 {[%clk 0:10:33]} 37. Bxf7+ {[%clk 0:00:33]} Kh8
{[%clk 0:10:59]} 38. Qxf4 {[%clk 0:00:43]} Qxf4 {[%clk 0:11:23]} 39. Ng3
{[%clk 0:00:39]} Qxd4 {[%clk 0:11:29]} 40. Ra3 {[%clk 0:00:42]} Qd7
{[%clk 0:06:51]} 41. Ba2 {[%clk 0:00:57]} Qd2 {[%clk 0:07:12]} 42. Re2
{[%clk 0:01:19]} Qc1+ {[%clk 0:07:37]} 0-1

[Event "Portugal Open 2018"]
[Site "Lisboa POR"]
[Date "2018.02.08"]
[Round "7.14"]
[White "Mihajlov, Sebastian"]
[Black "Diermair, Andreas"]
[Result "1/2-1/2"]
[BlackElo "2495"]
[WhiteElo "2378"]
[LiveChessVersion "1.4.8"]

1. d4 {[%clk 1:15:25]} Nf6 {[%clk 1:30:49]} 2. Nf3 {[%clk 1:15:48]} b6
{[%clk 1:29:56]} 3. c4 {[%clk 1:14:54]} Bb7 {[%clk 1:29:53]} 4. Nc3
{[%clk 1:15:05]} e6 {[%clk 1:28:24]} 5. a3 {[%clk 1:15:17]} d5 {[%clk 1:27:44]}
6. cxd5 {[%clk 1:15:22]} Nxd5 {[%clk 1:28:07]} 7. Qc2 {[%clk 1:15:32]} Be7
{[%clk 1:27:12]} 8. e4 {[%clk 1:15:36]} Nxc3 {[%clk 1:27:35]} 9. bxc3
{[%clk 1:16:01]} c5 {[%clk 1:27:38]} 10. Bd3 {[%clk 1:10:59]} Qc8
{[%clk 1:24:26]} 11. Bb5+ {[%clk 1:07:42]} Bc6 {[%clk 1:24:36]} 12. Bd3
{[%clk 1:07:38]} O-O {[%clk 1:16:23]} 13. O-O {[%clk 1:08:02]} Bb7
{[%clk 1:16:19]} 14. Qe2 {[%clk 0:57:56]} Ba6 {[%clk 1:16:31]} 15. Rd1
{[%clk 0:45:36]} Rd8 {[%clk 1:14:28]} 16. Bf4 {[%clk 0:40:26]} Bxd3
{[%clk 1:14:37]} 17. Qxd3 {[%clk 0:40:44]} cxd4 {[%clk 1:04:01]} 18. cxd4
{[%clk 0:41:08]} Qa6 {[%clk 1:04:11]} 19. Qxa6 {[%clk 0:30:17]} Nxa6
{[%clk 1:04:06]} 20. Rac1 {[%clk 0:30:45]} Rac8 {[%clk 1:02:25]} 21. Rxc8
{[%clk 0:30:36]} Rxc8 {[%clk 1:02:52]} 22. Rc1 {[%clk 0:30:56]} Rxc1+
{[%clk 1:01:16]} 23. Bxc1 {[%clk 0:31:22]} Nc7 {[%clk 0:48:21]} 24. Ne5
{[%clk 0:23:58]} Nb5 {[%clk 0:47:46]} 25. Nc6 {[%clk 0:24:25]} Kf8
{[%clk 0:44:09]} 26. Bb2 {[%clk 0:19:22]} Bxa3 {[%clk 0:35:46]} 27. Nxa7
{[%clk 0:13:13]} Bxb2 {[%clk 0:29:08]} 28. Nxb5 {[%clk 0:13:39]} Ke7
{[%clk 0:29:29]} 29. Kf1 {[%clk 0:14:02]} Kd7 {[%clk 0:27:54]} 30. d5
{[%clk 0:11:07]} f5 {[%clk 0:28:06]} 31. f3 {[%clk 0:10:53]} fxe4
{[%clk 0:27:10]} 32. fxe4 {[%clk 0:11:19]} exd5 {[%clk 0:27:28]} 1/2-1/2

[Event "Portugal Open 2018"]
[Site "Lisboa POR"]
[Date "2018.02.08"]
[Round "7.15"]
[White "Rocha, Sergio"]
[Black "Galego, Luis"]
[Result "1/2-1/2"]
[BlackElo "2481"]
[WhiteElo "2371"]
[LiveChessVersion "1.4.8"]

1. d4 {[%clk 1:30:56]} Nf6 {[%clk 1:28:00]} 2. Nf3 {[%clk 1:31:13]} e6
{[%clk 1:27:57]} 3. c4 {[%clk 1:31:33]} Bb4+ {[%clk 1:28:09]} 4. Bd2
{[%clk 1:31:52]} Qe7 {[%clk 1:26:08]} 5. g3 {[%clk 1:31:56]} Bxd2+
{[%clk 1:25:57]} 6. Nbxd2 {[%clk 1:31:46]} d6 {[%clk 1:26:20]} 7. e4
{[%clk 1:31:03]} e5 {[%clk 1:26:32]} 8. d5 {[%clk 1:31:15]} c5 {[%clk 1:26:28]}
9. Bd3 {[%clk 1:31:33]} h6 {[%clk 1:25:02]} 10. Nf1 {[%clk 1:31:52]} Bh3
{[%clk 1:23:39]} 11. Ne3 {[%clk 1:32:07]} Qc7 {[%clk 1:19:21]} 12. Nd2
{[%clk 1:18:18]} h5 {[%clk 1:16:20]} 13. f3 {[%clk 1:12:15]} Na6 {[%clk 1:13:33]}
14. Nb1 {[%clk 1:11:11]} g6 {[%clk 1:07:30]} 15. Nc3 {[%clk 1:10:56]} Qe7
{[%clk 1:07:55]} 16. a3 {[%clk 1:09:20]} Kf8 {[%clk 1:06:02]} 17. Qe2
{[%clk 1:07:12]} Kg7 {[%clk 1:05:19]} 18. Ncd1 {[%clk 0:54:54]} Bd7
{[%clk 1:02:58]} 19. Nf2 {[%clk 0:53:44]} h4 {[%clk 1:02:08]} 20. O-O-O
{[%clk 0:46:27]} Nh5 {[%clk 0:59:58]} 21. Rhg1 {[%clk 0:46:49]} Nc7
{[%clk 0:59:48]} 22. Qd2 {[%clk 0:38:03]} hxg3 {[%clk 0:59:05]} 23. hxg3
{[%clk 0:38:27]} a6 {[%clk 0:54:34]} 24. Bc2 {[%clk 0:32:55]} b5 {[%clk 0:53:31]}
25. Nd3 {[%clk 0:33:10]} Nf6 {[%clk 0:52:49]} 26. Nxc5 {[%clk 0:24:22]} dxc5
{[%clk 0:44:11]} 27. d6 {[%clk 0:24:46]} Qd8 {[%clk 0:44:36]} 28. dxc7
{[%clk 0:25:03]} Qxc7 {[%clk 0:45:04]} 29. Nf5+ {[%clk 0:21:19]} Bxf5
{[%clk 0:44:15]} 30. exf5 {[%clk 0:21:44]} Rad8 {[%clk 0:42:40]} 31. Qe3
{[%clk 0:21:43]} Rd4 {[%clk 0:41:55]} 32. fxg6 {[%clk 0:21:28]} fxg6
{[%clk 0:40:55]} 33. Rh1 {[%clk 0:16:00]} Rxh1 {[%clk 0:36:59]} 34. Rxh1
{[%clk 0:16:24]} e4 {[%clk 0:37:27]} 35. Qh6+ {[%clk 0:11:33]} Kf7
{[%clk 0:37:51]} 36. Qh7+ {[%clk 0:11:36]} Nxh7 {[%clk 0:38:16]} 37. Rxh7+
{[%clk 0:12:03]} Ke6 {[%clk 0:35:02]} 38. Rxc7 {[%clk 0:12:27]} exf3
{[%clk 0:35:30]} 39. Bd1 {[%clk 0:12:47]} Rxc4+ {[%clk 0:35:29]} 40. Kd2
{[%clk 0:09:23]} Rd4+ {[%clk 0:35:53]} 41. Kc2 {[%clk 0:07:35]} Rc4+
{[%clk 0:31:43]} 42. Kd2 {[%clk 0:07:41]} Rd4+ {[%clk 0:32:08]} 43. Kc2
{[%clk 0:08:05]} Rc4+ {[%clk 0:32:00]} 44. Kd2 {[%clk 0:08:29]} Rd4+
{[%clk 0:32:27]} 1/2-1/2